| Tag |
First Indicator |
Second Indicator |
Subfields |
| LEADER |
00000cam a2200000Ka 4500 |
| 001 |
in00002782016 |
| 005 |
20210728124826.0 |
| 006 |
m d |
| 007 |
cr cn||||||||| |
| 008 |
120406s2012 nju ob 001 0 eng d |
| 019 |
|
|
|a 782877215
|
| 020 |
|
|
|a 1118270053 (electronic bk.)
|
| 020 |
|
|
|a 1118270088 (electronic bk.)
|
| 020 |
|
|
|a 9781118270059 (electronic bk.)
|
| 020 |
|
|
|a 9781118270080 (electronic bk.)
|
| 035 |
|
|
|a (OCoLC)784124224
|z (OCoLC)782877215
|
| 035 |
|
|
|a (OCoLC)ocn784124224
|
| 035 |
|
|
|a 3993351
|
| 037 |
|
|
|a 10.1002/9781118270080
|b Wiley InterScience
|n http://www3.interscience.wiley.com
|
| 040 |
|
|
|a DG1
|b eng
|c DG1
|d EBLCP
|d N$T
|d YDXCP
|d TXA
|d UtOrBLW
|
| 049 |
|
|
|a TXAM
|
| 050 |
|
4 |
|a QC385
|b .W83 2012eb
|
| 072 |
|
7 |
|a TEC
|x 030000
|2 bisacsh
|
| 082 |
0 |
4 |
|a 621.36
|2 23
|
| 100 |
1 |
|
|a Wu, Shin-Tson.
|0 http://id.loc.gov/authorities/names/n93090937
|
| 245 |
1 |
0 |
|a Introduction to adaptive lenses /
|c Shin-Tson Wu, Hongwen Ren.
|
| 264 |
|
1 |
|a Hoboken, N.J. :
|b Wiley,
|c 2012.
|
| 300 |
|
|
|a 1 online resource.
|
| 336 |
|
|
|a text
|b txt
|2 rdacontent
|
| 337 |
|
|
|a computer
|b c
|2 rdamedia
|
| 338 |
|
|
|a online resource
|b cr
|2 rdacarrier
|
| 500 |
|
|
|a Electronic resource.
|
| 504 |
|
|
|a Includes bibliographical references and index.
|
| 505 |
0 |
|
|a Front Matter -- Optical Lens -- Elastomeric Membrane Lens -- Electrowetting Lens -- Dielectrophoretic Lens -- Other Adaptive Liquid Lenses -- Liquid Crystal Lens -- Index -- Wiley Series in Pure and Applied Optics --.
|
| 520 |
|
|
|a "Introduction to Adaptive Lenses is the first book to address the fundamental operation principles, device characteristics, and potential applications of various types of adaptive lenses"--
|c Provided by publisher.
|
| 520 |
|
|
|a "This is the first book to address the fundamental operation principles, device characteristics, and potential applications of various types of adaptive lenses. Setting out from basic material properties to device structures and performance, this volume covers solid lens, membrane lens, electro-wetting lens, dielectric lens, mechanical-wetting lens, and liquid crystal lenses. Potential applications of these adaptive lenses are also investigated, including image processing and zooming, optical communications, and biomedical imaging. This is an important reference for optical engineers, research scientists, graduate students and undergraduate seniors"--
|c Provided by publisher.
|
| 588 |
|
|
|a Description based on print version record.
|
| 650 |
|
0 |
|a Lenses.
|0 http://id.loc.gov/authorities/subjects/sh85075999
|
| 650 |
|
0 |
|a Optics, Adaptive.
|0 http://id.loc.gov/authorities/subjects/sh85095185
|
| 650 |
|
7 |
|a SCIENCE / Optics.
|2 bisacsh
|
| 650 |
|
7 |
|a TECHNOLOGY & ENGINEERING / Optics.
|2 bisacsh
|
| 655 |
|
7 |
|a Electronic books.
|2 local
|
| 700 |
1 |
|
|a Ren, Hongwen,
|d 1964-
|0 http://id.loc.gov/authorities/names/n2011077841
|
| 776 |
0 |
8 |
|i Print version:
|a Wu, Shin-Tson.
|t Introduction to adaptive lenses.
|d Hoboken, N.J. : Wiley, 2012
|z 9781118018996
|w (DLC) 2011042254
|w (OCoLC)759177357
|
| 830 |
|
0 |
|a Wiley Online Library.
|
| 856 |
4 |
0 |
|u http://proxy.library.tamu.edu/login?url=https://dx.doi.org/10.1002/9781118270080
|z Connect to the full text of this electronic book
|t 0
|
| 948 |
|
|
|a cataloged
|b h
|c 2012/5/22
|d c
|e jlanham
|f 11:42:35 am
|
| 994 |
|
|
|a C0
|b TXA
|
| 999 |
|
|
|a MARS
|
| 999 |
f |
f |
|s 16d14ec6-516a-3e3a-a96d-2436e370959f
|i eb206483-4f14-3b83-be10-e6cbb4e0f21e
|t 0
|
| 952 |
f |
f |
|a Texas A&M University
|b College Station
|c Electronic Resources
|d Available Online
|t 0
|e QC385 .W83 2012eb
|h Library of Congress classification
|
| 998 |
f |
f |
|a QC385 .W83 2012eb
|t 0
|l Available Online
|